000 00695nam a2200241Ia 4500
003 OSt
005 20220918192832.0
006 a|||||r|||| 00| 0
007 ta
008 220917b |||||||| |||| 00| 0 eng d
024 _a70,640
037 _cTextual
040 _aARTS
_cARTS
_beng
041 _2eng
_aeng
082 _aR4xASUx, M4 (P15)
100 _aPandeya Sundar
_980403
245 0 _aNitidvisastika
_b a compandium of 120 moral maxims comm & ed by SS Jayasree
260 _aMadras
_bAdyar Library and Research centre
_c1984
300 _a87p.
_ccm.
650 _aETHICS
942 _hR4xASUx, M4 (P15)
_cTEXL
_2CC
999 _c196734
_d196734